000 00555nam a2200217Ia 4500
003 OSt
005 20220218154542.0
008 210210b2005 xxu||||| |||| 00| 0 eng d
020 _a81 219 0061 1
040 _aAL
_c
041 _aEnglish
082 _a542/227 UGC
100 _aBAHL (Arun) and BAHL (B S).
_921123
245 _aAdvanced organic chemistry.
260 _aND
_bS. Chand & Co. Ltd.
_c2005
300 _aviii,1365
650 _aOrganic Chemistry
_921124
690 _aOrganic Chemistry
_921124
906 _aSG04685
942 _2ddc
_cBK
999 _c115347
_d115347